[Event "GRE-chT Online Rapid op 1st"]
[Site "Tornelo INT"]
[Date "2021.02.20"]
[Round "1.2"]
[White "Raftopoulos, Emmanouil"]
[Black "Tsolakidou, Stavroula"]
[Result "0-1"]
[WhiteElo "1398"]
[BlackElo "2379"]
[PlyCount "80"]
[EventDate "2021.02.20"]
[EventType "team-swiss (rapid)"]
[EventRounds "9"]
[EventCountry "GRE"]
[SourceTitle "EXT 2023"]
[Source "ChessBase"]
[SourceDate "2022.10.05"]
[SourceVersion "1"]
[SourceVersionDate "2022.10.05"]
[SourceQuality "1"]

1. d4 Nf6 2. Nf3 e6 3. Bg5 c5 4. e3 cxd4 5. exd4 Be7 6. Bd3 d6 7. 0-0 Nbd7 8. Re1 b6 9. Nbd2 Bb7 10. c3 0-0 11. Qc2 Re8 12. Rac1 a6 13. Ne4 h6 14. Bh4 Qc7 15. Qe2 b5 16. Rc2 Bd5 17. b3 Rac8 18. c4 bxc4 19. bxc4 Bxe4 20. Bxe4 Nxe4 21. Bxe7 Rxe7 22. Qxe4 Nf6 23. Qe2 Qa5 24. Rec1 Rec7 25. Nd2 Qb4 26. Rb1 Qa4 27. Rbc1 a5 28. Nb3 Qa3 29. Rc3 Qb4 30. h3 a4 31. Nd2 Qb6 32. Qd3 Qa5 33. Qc2 Nd5 34. Ra3 Nf4 35. Kf1 Qd5 36. Rg3 Qxd4 37. Qxa4 Qxd2 38. Re1 Nd3 39. Re2 Qc1+ 40. Re1 Qxe1# 0-1

[Event "GRE-ch Online Blitz op 1st"]
[Site "Tornelo INT"]
[Date "2021.02.07"]
[Round "13"]
[White "Raftopoulos, Emmanouil"]
[Black "Giouvantsioudis, Konstantinos"]
[Result "0-1"]
[WhiteElo "1198"]
[BlackElo "1629"]
[PlyCount "62"]
[EventDate "2021.02.07"]
[EventType "swiss (blitz)"]
[EventRounds "16"]
[EventCountry "GRE"]
[SourceTitle "EXT 2023"]
[Source "ChessBase"]
[SourceDate "2022.10.05"]
[SourceVersion "1"]
[SourceVersionDate "2022.10.05"]
[SourceQuality "1"]

1. d4 Nf6 2. Nf3 e6 3. Bg5 d5 4. e3 c5 5. c3 Nc6 6. Bd3 b6 7. Nbd2 Bb7 8. 0-0 Be7 9. Qb1 h6 10. Bh4 0-0 11. Ne5 cxd4 12. exd4 Nxe5 13. dxe5 Nd7 14. Bxe7 Qxe7 15. Nf3 Rac8 16. Qd1 Rfd8 17. Qa4 a5 18. Rad1 Nc5 19. Qb5 Qc7 20. Nd4 Ba6 21. Qxa6 Nxa6 22. Bxa6 Rb8 23. Bb5 Rf8 24. Rfe1 Qc5 25. Re3 Rbc8 26. a4 Qc7 27. Nc6 Qb7 28. Nd4 Rc5 29. h3 Rfc8 30. Rde1 Qe7 31. R1e2 Qg5 0-1

[Event "GRE-ch Online Rapid op 1st"]
[Site "Tornelo INT"]
[Date "2021.02.06"]
[Round "7"]
[White "Raftopoulos, Emmanouil"]
[Black "Chatzipavlou, Odysseas"]
[Result "1-0"]
[WhiteElo "1227"]
[BlackElo "1038"]
[PlyCount "97"]
[EventDate "2021.02.06"]
[EventType "swiss (rapid)"]
[EventRounds "8"]
[EventCountry "GRE"]
[SourceTitle "EXT 2023"]
[Source "ChessBase"]
[SourceDate "2022.10.05"]
[SourceVersion "1"]
[SourceVersionDate "2022.10.05"]
[SourceQuality "1"]

1. d4 d5 2. Bf4 Nc6 3. Nf3 Nf6 4. e3 Bf5 5. c4 e6 6. Qb3 Bb4+ 7. Nc3 0-0 8. a3 Bxc3+ 9. bxc3 b6 10. Rc1 Re8 11. cxd5 exd5 12. Bb5 Bd7 13. Bxc6 Bxc6 14. Ne5 Bb7 15. 0-0 Ne4 16. Rc2 g5 17. Bg3 a5 18. c4 dxc4 19. Qxc4 Re7 20. Nc6 Bxc6 21. Qxc6 Nxg3 22. hxg3 Qd6 23. Qxa8+ Kg7 24. Rc3 c5 25. dxc5 bxc5 26. Qxa5 Re5 27. Rc4 Rd5 28. Qc3+ Kg8 29. Rc1 Rd1+ 30. Rxd1 Qxd1+ 31. Kh2 Qh5+ 32. Rh4 gxh4 33. gxh4 Qxh4+ 34. Kg1 c4 35. a4 Qd8 36. Qxc4 Qd1+ 37. Kh2 Qh5+ 38. Kg3 Qg5+ 39. Qg4 Qxg4+ 40. Kxg4 Kg7 41. a5 Kf6 42. a6 Ke7 43. a7 Kd7 44. a8Q f5+ 45. Kxf5 h5 46. Qd5+ Ke7 47. Qe6+ Kf8 48. Kg6 h4 49. Qf7# 1-0

[Event "GRE-ch U20"]
[Site "Trikala"]
[Date "2020.08.17"]
[Round "1"]
[White "Raftopoulos, Emmanouil"]
[Black "Papidakis, Georgios"]
[Result "0-1"]
[WhiteElo "1417"]
[BlackElo "1983"]
[PlyCount "56"]
[EventDate "2020.08.17"]
[EventType "swiss"]
[EventRounds "9"]
[EventCountry "GRE"]
[SourceTitle "CBM 198 Extra"]
[Source "ChessBase"]
[SourceDate "2020.11.30"]
[SourceVersion "1"]
[SourceVersionDate "2020.11.30"]
[SourceQuality "1"]

1. d4 Nf6 2. Nf3 e6 3. Bg5 h6 4. Bh4 d6 5. Nc3 g5 6. Bg3 Nh5 7. e4 Bg7 8. Be2 a6 9. 0-0 b5 10. e5 Bb7 11. exd6 Nxg3 12. hxg3 cxd6 13. a3 Qb6 14. Qd2 Nd7 15. Nd1 g4 16. Ne1 h5 17. c3 Qc6 18. Ne3 Nf6 19. Bd3 h4 20. Nxg4 Nxg4 21. Qg5 Nf6 22. Qxg7 Ke7 23. Qg5 h3 24. f3 Rag8 25. Qf4 Nd5 26. Qe4 hxg2 27. Kxg2 f5 28. Qe2 Nf4+ 0-1